Регионална библиотека "Любен Каравелов" - Русе

Внимание ИСО (Запис номер 156913)

MARC детайли
000 -Лидер
Контролно поле с фиксирана дължина 01519nam a2200349 c 4500
003 - Код на организацията, давaща контролен номер
Контролно поле BLK
005 - Дата и час на последна редакция
Контролно поле 20180422113500.0
008 - Елементи от данни с фиксирана дължина
fixed length control field 180410b bul|||||r ||||||| ||bul||
010 ## - Наследен системен номер
LC control number KNG00163760000
040 ## - Източник на каталожния запис
Идентификатор на билиотеката - собственик на записа BLK
041 ## - Код за език
Код за езика на текст/звукозапис или на отделно заглавие Български
Код за езика КДБФ Български
080 ## - УДК
Текстов определител УДК Международни политически отношения. Световна политика. Международна политика. Дипломация
УДК код - определител по УДК 327
УДК определител (73)
УДК - код + определител 327(73)
100 1# - Редна дума - Автор
Автор Палавеев, Чавдар
Авторска отговорност първи автор
R(LIN) 381289
139 ## - Редно поле
Редна дума Палавеев, Чавдар
Авторски знак Пам - П 16
245 10 - Сведения за заглавието
Заглавие Внимание ИСО
Подзаглавни данни Програма за "звездни войни" : Полит. очерк
Редно поле (дума) Чавдар Палавеев.
257 ## - Страна на издаване
Страна на създаване/издаване България
260 ## - Област на издателските данни
-- София
Име на издателя, разпространителя и проч. Нар. младеж
Година на издаване 1988
300 ## - Физическа характеристика
Страници 144 с.
Илюстрации и др. със сх., 4 л. цв. ил.
Размери/Мащаб 20 см
380 ## - Жанр
Жанр Обществени науки
490 1# - СЕРИИ (Колекции)
Име на серия Библиотека Време
500 ## - Общи забележки
Забележка Офс. изд. - 5 150 тир. - Библиогр. под линия.
650 #4 - Допълнително описание по предмет – тема
Основно описание – тема или топоним Космическо пространство - използване
9 (RLIN) 159534
650 #4 - Допълнително описание по предмет – тема
Основно описание – тема или топоним САЩ - външна политика
9 (RLIN) 246834
653 ## - Ключова дума – ненормативна
Ключова дума САЩ
653 ## - Ключова дума – ненормативна
Ключова дума външна политика
653 ## - Ключова дума – ненормативна
Ключова дума очерци
852 ## - Местоположение
Форматна сигнатура Цб 157157
856 4# - Електронен адрес и достъп
Електронен формат pdf - файл
Път до файла /url/
856 4# - Електронен адрес и достъп
Електронен формат pdf - файл
Път до файла /url/
942 ## - АРТИКУЛИ
Вид на библиотечния материал Книги
Скрит в OPAC Не
944 ## - СЪЗДАВАНЕ И РЕДАКЦИЯ на ЗАПИСА
Създаване/Редакция Създаване
Дата на регистрацията/редакция 25.07.2014
Статус, дата на статуса 25.07.2014 - от С1,Р / 25.07.2014
Служител, извършил регистрацията/редакцията Радостина_Карадакова
944 ## - СЪЗДАВАНЕ И РЕДАКЦИЯ на ЗАПИСА
Създаване/Редакция Редакция
Дата на регистрацията/редакция 15.03.2018
Статус, дата на статуса 25.07.2014 - от С1,Р / 25.07.2014
Служител, извършил регистрацията/редакцията Симона_Петрова
999 ## - СИСТЕМНИ КОНТРОЛНИ НОМЕРА
Koha biblionumber 156913
Koha biblioitemnumber 156913
Наличности
Код за отписване Код за изгубен артикул Източник на класификационната схема Код за повреда Коз за рестрикции Код за отдаване Артикулен № Име на библиотеката - собственик Име на библиотеката, в която се намира в момента Статус (Текущо местоположение) Дата на вписване в системата Местоположение - отдел Цена в лева Инвентарен номер Систематично азбучна сигнатура Баркод Номер на екземпляра Цена в евро Служебна бележка Служебен тип на артикула
  Не е изгубен Universal Decimal Classification Не е повреден без рестрикции ползва се в читалня 262776 Регионална библиотека "Любен Каравелов" Русе Регионална библиотека "Любен Каравелов" Русе Хранилище 1988-01-01 Хранилище 0.89 515363 Цб 157157 120000515363 1 0.46 Дата: 01.01.1988 Книги
Изтеглен Не е изгубен Universal Decimal Classification Не е повреден без рестрикции заемане за дома 262777 Регионална библиотека "Любен Каравелов" Русе Регионална библиотека "Любен Каравелов" Русе Заемна - подръчен фонд 1988-01-01 Заемна - подръчен фонд 0.89 516849 П 327(7/8)/П 16 516849 2 0.46 Дата: 01.01.1988 Дата инв: 02.02.2018 Бележки инв: П2018 Книги
Vip Innovations Ltd, Rousse, Bulgaria 2025